000 00708nam a2200205Ia 4500
001 11337
003 GE_BSU
008 181216s||||||||xx |||||||||||||| ||und||
040 _cGE_BSU
100 _aიაკობაშვილი ბ.ა.
245 _aი.ვ. მიჩურინი და მისი მოძღვრება
245 _cრედ: ფ.დ. მამფორია
260 _aთბილისი
260 _bსაქ.სას–სამ. ინ–ტის გამ–ბა
260 _c1949
300 _a51გვ.22სმ.
300 _eილ.
653 _aი.ვ. მიჩურინი და მისი მოძღვრება
942 _cBK
999 _c44534
_d44534